| 000 | 00867cam a2200205 4500 | ||
|---|---|---|---|
| 001 | WB3831-17 | ||
| 008 | 020821n2002 000 0 eng u | ||
| 035 | _a(Sirsi) u119397 | ||
| 245 | _aHomes targets need sharp boost | ||
| 260 | _c2002 | ||
| 490 |
_aPlanning (for the Natural and Built Environment) _v(1482) 16 August 2002, 4(1) |
||
| 520 | _aStudy by economic forecasting group Cambridge Econometrics has warned projected gap between number of homes and households will widen over next decade in south England if north-south migration continues, and house building targets are not increased. Cambridge Econometrics Press Release www.camecon.co.uk/whatsnew/releases/reg022.htm | ||
| 590 | _aWB | ||
| 650 | _aHOUSE BUILDING | ||
| 650 | _aNORTH-SOUTH DIVIDE | ||
| 650 | _aECONOMETRICS | ||
| 650 | _aECONOMIC FORECASTING | ||
| 690 | _aHOUSING | ||
| 942 | _n0 | ||
| 999 |
_c70977 _d70977 |
||